| 000 | 00340nam a22001337a 4500 | ||
|---|---|---|---|
| 008 | 250513b |||||||| |||| 00| 0 eng d | ||
| 020 | _a0358417039 | ||
| 050 |
_aHD57.7 _b.D66 |
||
| 100 | _aDonnithorno Larry R. | ||
| 245 | _aThe West point way of leadership | ||
| 260 |
_aNew York _bCurrency Doubleday _c1993 |
||
| 300 | _a179p. | ||
| 942 | _cBK | ||
| 999 |
_c3420 _d3420 |
||